Countries Most Similar To Guinea Bissau - Statistics

General Stats
  • This quiz has been taken 20 times
  • The average score is 14 of 20
Answer Stats
Rank Country Score % Correct
17 Mali 68.6
92%
4 Senegal 74.4
92%
9 Sierra Leone 72.9
92%
7 Gambia 73.8
83%
1 Guinea 78
83%
13 Liberia 69.9
83%
15 Nigeria 69.3
83%
2 Benin 74.7
75%
12 Cameroon 71.2
75%
5 Ivory Coast 74.3
75%
8 Togo 73.1
75%
3 Mozambique 74.5
67%
10 Angola 72.2
58%
6 Burkina Faso 74
58%
11 CAR 71.5
58%
16 Republic of the Congo 69.2
58%
20 Equatorial Guinea 67.7
50%
14 DRC 69.4
42%
18 Tanzania 68
42%
19 South Sudan 67.8
25%
No matching quizzes found
Score Distribution
Percent of People with Each Score
Percentile by Number Answered
Your Score History
You have not taken this quiz